| 000 | 00768nam a2200229Ia 4500 | ||
|---|---|---|---|
| 001 | dia_230 | ||
| 003 | CHAP | ||
| 005 | 20221208122231.0 | ||
| 008 | 220117s1971 xx 000 0 und d | ||
| 010 | _a170657 | ||
| 040 | _cCHAP | ||
| 082 | _a333.972 F46 | ||
| 100 |
_aFernández y Fernández, Ramón. _940322 |
||
| 245 |
_aLa Ley de Reforma Agraria, el Crédito Agricola y el Desarrollo Agricola / _c por Ramón Fernández y Fernández |
||
| 260 |
_aChapingo, Mex., ENA, CP. _c1971 |
||
| 300 | _a199P. | ||
| 600 |
_a1.Tierra - Tenencias - México 2.Crédito Agricola - México 3. Desarrollo Agricola - México _9147621 |
||
| 901 | _a333.972 F46 | ||
| 902 | _aM | ||
| 905 | _a0000001971 MEX 0000000000SPA00 | ||
| 942 |
_cLIBRO _2ddc |
||
| 999 |
_c170657 _d170657 |
||